<?xml version="1.0" encoding="UTF-8"?>
<record
    xmlns:xsi="http://www.w3.org/2001/XMLSchema-instance"
    xsi:schemaLocation="http://www.loc.gov/MARC21/slim http://www.loc.gov/standards/marcxml/schema/MARC21slim.xsd"
    xmlns="http://www.loc.gov/MARC21/slim">

  <leader>03028nam a2200529Ia 4500</leader>
  <controlfield tag="001">1460</controlfield>
  <controlfield tag="008">241029s9999    xx            000 0 und d</controlfield>
  <datafield tag="010" ind1=" " ind2=" ">
    <subfield code="a">1360</subfield>
  </datafield>
  <datafield tag="041" ind1=" " ind2=" ">
    <subfield code="a">Espa&#xF1;ol</subfield>
  </datafield>
  <datafield tag="082" ind1=" " ind2=" ">
    <subfield code="a">INTEC CyH-0093</subfield>
  </datafield>
  <datafield tag="245" ind1=" " ind2="0">
    <subfield code="a">La funci&#xF3;n de extensi&#xF3;n universitaria</subfield>
  </datafield>
  <datafield tag="260" ind1=" " ind2=" ">
    <subfield code="a">Santo Domingo</subfield>
  </datafield>
  <datafield tag="300" ind1=" " ind2=" ">
    <subfield code="a">127</subfield>
  </datafield>
  <datafield tag="520" ind1=" " ind2=" ">
    <subfield code="a">4</subfield>
  </datafield>
  <datafield tag="630" ind1=" " ind2=" ">
    <subfield code="a">Comunidad Educativa</subfield>
  </datafield>
  <datafield tag="630" ind1=" " ind2=" ">
    <subfield code="a">Servicios Estudiantiles</subfield>
  </datafield>
  <datafield tag="650" ind1=" " ind2=" ">
    <subfield code="a">Administraci&#xF3;n de la Educaci&#xF3;n</subfield>
  </datafield>
  <datafield tag="690" ind1=" " ind2=" ">
    <subfield code="a">Elaborado</subfield>
  </datafield>
  <datafield tag="700" ind1=" " ind2=" ">
    <subfield code="e">asesor</subfield>
    <subfield code="a">No, Aplica</subfield>
  </datafield>
  <datafield tag="700" ind1=" " ind2=" ">
    <subfield code="e">autor</subfield>
    <subfield code="a"> Almanzar Guzm&#xE1;n, Lorenzo Antonio </subfield>
  </datafield>
  <datafield tag="901" ind1=" " ind2=" ">
    <subfield code="a">{"1":" Almanzar Guzm&#xE1;n"}</subfield>
    <subfield code="b">{"1":"Lorenzo Antonio "}</subfield>
  </datafield>
  <datafield tag="902" ind1=" " ind2=" ">
    <subfield code="a">1</subfield>
  </datafield>
  <datafield tag="903" ind1=" " ind2=" ">
    <subfield code="a">{"1":"No"}</subfield>
    <subfield code="b">{"1":"Aplica"}</subfield>
  </datafield>
  <datafield tag="904" ind1=" " ind2=" ">
    <subfield code="a">Maestr&#xED;a en</subfield>
  </datafield>
  <datafield tag="905" ind1=" " ind2=" ">
    <subfield code="a">Educaci&#xF3;n Superior</subfield>
  </datafield>
  <datafield tag="906" ind1=" " ind2=" ">
    <subfield code="a">2</subfield>
  </datafield>
  <datafield tag="907" ind1=" " ind2=" ">
    <subfield code="a">NO APLICA</subfield>
  </datafield>
  <datafield tag="908" ind1=" " ind2=" ">
    <subfield code="a">NO APLICA</subfield>
  </datafield>
  <datafield tag="909" ind1=" " ind2=" ">
    <subfield code="a">Instituto Tecnol&#xF3;gico de Santo Domingo (INTEC)</subfield>
  </datafield>
  <datafield tag="910" ind1=" " ind2=" ">
    <subfield code="a">NULL</subfield>
    <subfield code="b">NULL</subfield>
  </datafield>
  <datafield tag="911" ind1=" " ind2=" ">
    <subfield code="a">["1"]</subfield>
  </datafield>
  <datafield tag="912" ind1=" " ind2=" ">
    <subfield code="a">NO APLICA</subfield>
  </datafield>
  <datafield tag="913" ind1=" " ind2=" ">
    <subfield code="a">NULL</subfield>
  </datafield>
  <datafield tag="914" ind1=" " ind2=" ">
    <subfield code="a">01 de Febrero de 1990</subfield>
  </datafield>
  <datafield tag="915" ind1=" " ind2=" ">
    <subfield code="a">18/08/15 11:08</subfield>
  </datafield>
  <datafield tag="916" ind1=" " ind2=" ">
    <subfield code="a">NULL</subfield>
  </datafield>
  <datafield tag="917" ind1=" " ind2=" ">
    <subfield code="a">NULL</subfield>
  </datafield>
  <datafield tag="918" ind1=" " ind2=" ">
    <subfield code="a">NO APLICA</subfield>
  </datafield>
  <datafield tag="919" ind1=" " ind2=" ">
    <subfield code="a">["45","183"]</subfield>
  </datafield>
  <datafield tag="520" ind1=" " ind2=" ">
    <subfield code="a">La tarea de extensi&#xF3;n de las universidades trasciende los roles tradicionales asignados a las universidades, asign&#xE1;ndoles una funci&#xF3;n social, es decir, el inter&#xE9;s de poner el saber universitario al servicio de la comunidad y asumir los problemas de de esta manera como asunto principal de sus preocupaciones. Esta investigaci&#xF3;n estuvo orientada a elaborar un concepto claro y manejable de la extensi&#xF3;n que oriente el quehacer extensional en las universidades dominicanas. Determinar tendencias hist&#xF3;ricas de la Extensi&#xF3;n en las universidades dominicanas. Determinar si las universidades dominicanas est&#xE1;n desarrollando labores de extensi&#xF3;n. Dise&#xF1;ar una estructura que sirva como modelo para el establecimiento y organizaci&#xF3;n de la Funci&#xF3;n de extensi&#xF3;n de las universidades dominicanas.El desarrollo de la investigaci&#xF3;n implic&#xF3; la revisi&#xF3;n minuciosa de la bibliograf&#xED;a disponible. El modelo estructura-organizacional sugerido fue creado a partir del mismo marco te&#xF3;rico. Algunas conclusiones fueron: la extensi&#xF3;n universitaria es una de las funciones sustantivas de la universidad que engloba el conjunto de sus actividades que la ponen en relaci&#xF3;n rec&#xED;proca, de dar y recibir, con la sociedad a trav&#xE9;s de lo que pone al servicio de la comunidad los adelantos cient&#xED;ficos, art&#xED;sticos y culturales logrados por medio de su quehacer acad&#xE9;mico y de su investigaci&#xF3;n a fin de posibilitar que todos los sectores de la sociedad nacional se beneficien con su quehacer y de esa manera cumplir con su naturaleza de instituci&#xF3;n social al servicio de la comunidad. La extensi&#xF3;n es un quehacer que constituye un proceso, pues est&#xE1; formada por etapas o momentos continuos que se implican mutuamente el uno al otro.</subfield>
  </datafield>
  <datafield tag="921" ind1=" " ind2=" ">
    <subfield code="a">16</subfield>
  </datafield>
  <datafield tag="922" ind1=" " ind2=" ">
    <subfield code="a">16</subfield>
  </datafield>
  <datafield tag="923" ind1=" " ind2=" ">
    <subfield code="a">0</subfield>
  </datafield>
  <datafield tag="924" ind1=" " ind2=" ">
    <subfield code="a">NO APLICA</subfield>
  </datafield>
  <datafield tag="942" ind1=" " ind2=" ">
    <subfield code="c">Tesis</subfield>
  </datafield>
  <datafield tag="999" ind1=" " ind2=" ">
    <subfield code="c">1360</subfield>
    <subfield code="d">1360</subfield>
  </datafield>
</record>
